Nomografía diplomático consular. (Record no. 151858)

MARC details
000 -LEADER
campo de control de longitud fija 00654nam a2200157 i 4500
001 - NÚMERO DE CONTROL
campo de control 151858
003 - IDENTIFICADOR DE NÚMERO DE CONTROL
campo de control ES-MaACL
005 - FECHA Y HORA DE LA ÚLTIMA TRANSACCIÓN
campo de control 20230906204422.0
008 - DATOS DE LONGITUD FIJA--INFORMACIÓN GENERAL
campo de control de longitud fija 931025s1893 sp |||| | spa d
100 1# - ENTRADA PRINCIPAL--NOMBRE DE PERSONA
Nombre de persona Benítez y Fernández, Antonio.
9 (RLIN) 27652
245 10 - MENCIÓN DEL TÍTULO
Título Nomografía diplomático consular.
Número de parte o sección de la obra Tomo primero /
Mención de responsabilidad, etc. por Antonio Benítez y Fernández.
260 ## - PUBLICACIÓN, DISTRIBUCIÓN, ETC.
Lugar de publicación, distribución, etc. Madrid :
Nombre del editor, distribuidor, etc. [s.n.],
Fecha de publicación, distribución, etc. 1893 (
Fabricante Estab. Tip. de G. Pedraza)
300 ## - DESCRIPCIÓN FÍSICA
Extensión 160 p. ;
Dimensiones 19 cm.
650 04 - PUNTO DE ACCESO ADICIONAL DE MATERIA--TÉRMINO DE MATERIA
Término de materia o nombre geográfico como elemento de entrada Derecho diplomático y consular-
Subdivisión cronológica S.XIX.
9 (RLIN) 11702
852 ## - LOCALIZACIÓN
Ubicación ES-MaACL
Número de control de estantería T-874-F-1
Nota libre - Enc. hol., conservando cub. original
-- - Enc. en un vol. facticio
-- -Dedicatoria autógrafa del autor
Holdings
Estatus retirado Estado de pérdida Estado de daño No para préstamo Colección Biblioteca de origen Biblioteca actual Ubicación en estantería Fecha de adquisición Total de préstamos Signatura topográfica completa Código de barras Visto por última vez Precio de reemplazo Tipo de ítem Koha
        Colección de folletos Biblioteca del Ateneo de Madrid Biblioteca del Ateneo de Madrid Depósito folletos 17/01/2008   T-874-F-1 1158499 23/02/2023 23/02/2023 Folleto